Detalles MARC
| 000 -LEADER |
| fixed length control field |
02454cam a2200433Ii 4500 |
| 001 - CONTROL NUMBER |
| control field |
DIGDOCUN0003 |
| 003 - CONTROL NUMBER IDENTIFIER |
| control field |
NyNyDIG |
| 008 - FIXED-LENGTH DATA ELEMENTS--GENERAL INFORMATION |
| fixed length control field |
141201s2010 sp ob 100 0 spa d |
| 006 - FIXED-LENGTH DATA ELEMENTS--ADDITIONAL MATERIAL CHARACTERISTICS |
| fixed length control field |
m o d |
| 007 - PHYSICAL DESCRIPTION FIXED FIELD--GENERAL INFORMATION |
| fixed length control field |
cr ||||||||||| |
| 035 ## - SYSTEM CONTROL NUMBER |
| System control number |
(OCoLC)991945730 |
| 040 ## - CATALOGING SOURCE |
| Original cataloging agency |
DGITA |
| Language of cataloging |
eng |
| Description conventions |
rda |
| -- |
pn |
| Transcribing agency |
DIGITA |
| 020 ## - INTERNATIONAL STANDARD BOOK NUMBER |
| International Standard Book Number |
9788499840635 |
| Qualifying information |
(eBook) |
| 020 ## - INTERNATIONAL STANDARD BOOK NUMBER |
| Canceled/invalid ISBN |
9788492707744 |
| 020 ## - INTERNATIONAL STANDARD BOOK NUMBER |
| Canceled/invalid ISBN |
8492707747 |
| 050 14 - LIBRARY OF CONGRESS CALL NUMBER |
| Classification number |
HD9999.C472 eBook |
| 245 00 - TITLE STATEMENT |
| Title |
Cultura, empleo y desarrollo / |
| Statement of responsibility, etc. |
Alfons Martinell Sempere, Gemma Carbó Ribugent (coord.) |
| 264 #1 - PRODUCTION, PUBLICATION, DISTRIBUTION, MANUFACTURE, AND COPYRIGHT NOTICE |
| Place of production, publication, distribution, manufacture |
Girona : |
| Name of producer, publisher, distributor, manufacturer |
Documenta Universitaria, |
| Date of production, publication, distribution, manufacture, or copyright notice |
2010. |
| 300 ## - PHYSICAL DESCRIPTION |
| Extent |
1 online resource (156 pages) : |
| Other physical details |
illustrations. |
| 336 ## - CONTENT TYPE |
| Content type term |
text |
| Content type code |
txt |
| Source |
rdacontent |
| 337 ## - MEDIA TYPE |
| Media type term |
computer |
| Media type code |
c |
| Source |
rdamedia |
| 338 ## - CARRIER TYPE |
| Carrier type term |
online resource |
| Carrier type code |
cr |
| Source |
rdacarrier |
| 500 ## - GENERAL NOTE |
| General note |
Papers presented at the V Seminiario Internacional en Gestión Cultural: El empleo en el sector cultural y su impacto en el desarrollo sostenible, held in Girona, Spain, October 7-9, 2009. |
| 504 ## - BIBLIOGRAPHY, ETC. NOTE |
| Bibliography, etc. note |
Includes bibliographical references. |
| 505 0# - FORMATTED CONTENTS NOTE |
| Formatted contents note |
Apuntes para nuevas agendas en los estudios sobre gestión y políticas culturales / Alfons Martinell -- Cultura, empleo y sostenibilidad / Gemma Carbó -- El empleo cultural en tiempos de crisis / Xavier Greffe -- El empleo cultural en el crecimiento pro-pobre en América Latina / Alberto Abello Vives, Augusto Aleán Pico -- Empleo y cultura / Pau Rausell Köster -- La cultura, la sustenibilidad y la reconfiguración / Teixeira Coelho -- Sostenibilidad y actividades culturales / Xavier Cubeles -- Conclusiones finales / Mireia Cirera, Alba Colombo, Taína López, Mireia Tresserras. |
| 588 0# - SOURCE OF DESCRIPTION NOTE |
| Source of description note |
Online resource; title from ePub and PDF title page (Digitalia, viewed October 6, 2014) |
| 650 #0 - SUBJECT ADDED ENTRY--TOPICAL TERM |
| Topical term or geographic name entry element |
Cultural industries |
| Form subdivision |
Congresses. |
| 650 #0 - SUBJECT ADDED ENTRY--TOPICAL TERM |
| Topical term or geographic name entry element |
Sustainable development |
| Form subdivision |
Congresses. |
| 655 #0 - INDEX TERM--GENRE/FORM |
| Genre/form data or focus term |
Electronic books. |
| 700 1# - ADDED ENTRY--PERSONAL NAME |
| Personal name |
Martinell Sempere, Alfons |
| Relator term |
editor. |
| 700 1# - ADDED ENTRY--PERSONAL NAME |
| Personal name |
Carbó Ribugent, Gemma |
| Relator term |
editor. |
| 710 2# - ADDED ENTRY--CORPORATE NAME |
| Corporate name or jurisdiction name as entry element |
Seminiario Internacional en Gestión Cultural ; |
| Number of part/section/meeting |
(5th : |
| Date of meeting or treaty signing |
2009 : |
| Location of meeting |
Girona, Spain) |
| 791 2# - |
| -- |
Digitalia (Firm), |
| -- |
distributor. |
| 793 0# - |
| -- |
Digitalia eBook Collection: |
| -- |
Documenta Universitaria |
| 776 08 - ADDITIONAL PHYSICAL FORM ENTRY |
| Relationship information |
Print version: |
| Title |
Cultura, empleo y desarrollo. |
| Place, publisher, and date of publication |
Girona : Documenta Universitaria, 2010 |
| International Standard Book Number |
9788492707744. |
| 856 40 - ELECTRONIC LOCATION AND ACCESS |
| Materials specified |
Digitalia Hispánica |
| Uniform Resource Identifier |
<a href="https://www.digitaliapublishing.com/a/21058/">https://www.digitaliapublishing.com/a/21058/</a> |
| 910 ## - USER-OPTION DATA (OCLC) |
| User-option data |
Premium Collection: 2014 |
| 942 ## - ADDED ENTRY ELEMENTS (KOHA) |
| Koha item type |
Recurso Electrónico |